Datum a čas kvízu
31
Celkem bodů
Celkový počet nahraných bodů na tomto kvízu bez doplňovacích otázek.
8.
Pořadí na kvízu
Konečné umístění týmu na tomto kvízu.
Zaznamenané odpovědi
| # | Otázka | Odpověď | Body | Výsledky |
|---|---|---|---|---|
| 1. | V areálu letiště na okraji jed... | Hradec Králové | 0 | |
| 2. | Tři zloději v Peru si chtěli v... | všechny boty byly na jednu nohu | 1 | |
| 3. | V pondělí se v Metropolitním m... | Met Gala | 1 | |
| 4. | Která v Česku podnikající spol... | Škoda Auto | 0 | |
| 5. | V nominaci české hokejové repr... | Karel Vejmelka | 1 | |
| 6. | Květnové kalendárium začneme o... | Litoměřice | 1 | |
| 7. | Dne 11. května 1960 byl izrael... | Adolf Eichmann | 0 | |
| 8. | Jak se jmenuje tato žena, jež... | Cate Blanchett | 0 | |
| 9. | Dne 19. května vynalezl Maďar... | 1974 | 0 | |
| 10. | Dne 29. května 1886 byla v den... | Coca-Colu | 1 |